HMI animácia robustného riadenia

Guardado en:
Detalles Bibliográficos
Autor principal: Smreček, František (Autor)
Otros Autores: Kardoš, Ján (Orientador)
Formato: Manuscrito Libro
Lenguaje:eslovaco
Publicado: 2016
Materias:
Acceso en línea:http://is.stuba.sk/zp/portal_zp.pl?podrobnosti=111943
Etiquetas: Agregar Etiqueta
Sin Etiquetas, Sea el primero en etiquetar este registro!

MARC

LEADER 00000ntm a22000003a 4500
001 stuzp49441
003 SK-STU
005 20160823094928.5
007 ta
008 150427s2015----xo-----f-mn---000-0-slo-d
040 |a STU  |b slo 
041 0 |a slo 
044 |a xo 
100 1 |a Smreček, František  |u 035000  |4 aut  |U FEI Fakulta elektrotechniky a informatiky  |T FEI Ústav informatiky a matematiky  |X 65383  |U E050  |Y 816  |7 65383 
242 0 1 |a HMI animation of robust control  |y eng 
245 1 0 |a HMI animácia robustného riadenia 
260 |c 2016 
300 |a nestr., príl.,  |b CD-ROM 
650 4 |a robustné riadenie  |2 slo 
650 4 |a systém s premenlivou štruktúrou  |2 slo 
650 4 |a riadenie polohy na konštantnú hodnotu  |2 slo 
650 4 |a robust control  |2 eng 
650 4 |a variable structure system  |2 eng 
650 4 |a point-to-point position control  |2 eng 
700 1 |a Kardoš, Ján  |u 031000  |k Z1  |4 ths  |U FEI Fakulta elektrotechniky a informatiky  |T FEI Ústav robotiky a kybernetiky  |X 4935  |U E011  |Y 356  |7 A000004935 
856 4 |u http://is.stuba.sk/zp/portal_zp.pl?podrobnosti=111943 
996 |b 284EP11494  |c E*DIPL- 11494  |l EE35  |s P  |a 0  |w stuzp49441_0001 
SQL |a stuzp49441  |b DDP  |c SLO  |d HMI animácia robustného riadenia  |e 65383  |f Smreček, František  |g 035000  |h 4935  |i Kardoš, Ján  |j 20160615  |k 359  |l 03  |m http://is.stuba.sk/zp/portal_zp.pl?podrobnosti=111943  |n I-API  |o 9.2.9. aplikovaná informatika